| 000 | 00592nam a22001817a 4500 | ||
|---|---|---|---|
| 008 | 130821s1869 fr gr fre | ||
| 040 |
_aCo-BoUCM _bspa |
||
| 041 | 0 | 0 | _afre |
| 245 | 0 | 0 | _aOeuvres completes D'Horacio, de Juvénal |
| 260 |
_aParís (Francia) _bChez Firmin Didot Fréres _c1869 |
||
| 300 | _a815 páginas | ||
| 490 | _aAuteurs Latins | ||
| 650 | 0 | 4 |
_aColecciones de escritos _911112 |
| 650 | 0 | 4 |
_aPoetas latinos _921876 |
| 650 | 0 | 4 |
_aPoetas latinos _vColecciones de escritos _921876 |
| 942 |
_cLIBRO _a17 _e1 _mO38 _n0 _2DEWEY _h782.1 |
||
| 999 |
_c87661 _d87661 |
||